Základy strojníctva, elektrotechniky, motorov a traktorov ... učebnica je určená pre poslucháčov všetkých špecializácií AF a PEF (okrem posl. mech. špec.)

Bibliographic Details
Main Author: Pisár, Eduard (Author)
Format: Book
Language:Slovak
PhysicalDescription:382, [1] s. fotogr., grafy, ilôustr., sch., tab. 4°
Published: Bratislava Nitra Slovenské vydavateľstvo pôdohospodárskej literatúry Vysoká škola poľnohospodárska 1966
Series:Dočasné vysokoškolské učebnice
Subjects:

MARC

LEADER 00000cam a2200000 a 4500
001 vtls008334722
003 SK-MaSNL
005 20260301142305.0
008 230403s1966 xo f 000 0 slo
015 |a SNBA1966/04-00589 
035 |a SK01SNK19660026939 
035 |a urn:nbn:sk:snk-amkdp6 
035 |a urn:nbn:sk:snk-am008et1 
035 |a 502E6FD6-FC81-4BD1-A4FE-F2F7AE2B339A 
035 |a SKM000029402 
040 |a SNK  |b slo  |c SNK  |e AACR2 
041 0 |a slo 
044 |a xo  |c SK 
080 |a 621+621.3+621.4+629.114.2(075.8)  |2 1981 
080 |a 621.3(075.8)  |2 1981 
080 |a 621.4(075.8)  |2 1981 
080 |a 629.114.2(075.8)  |2 1981 
100 1 |a Pisár, Eduard  |4 aut  |9 280016 
245 1 0 |a Základy strojníctva, elektrotechniky, motorov a traktorov  |b ... učebnica je určená pre poslucháčov všetkých špecializácií AF a PEF (okrem posl. mech. špec.)  |c Eduard Pisár a kol. 
260 |a Bratislava  |b Slovenské vydavateľstvo pôdohospodárskej literatúry  |a Nitra  |b Vysoká škola poľnohospodárska  |c 1966 
300 |a 382, [1] s.  |b fotogr., grafy, ilôustr., sch., tab.  |c 4° 
366 |e 800 výt. 
490 1 |a Dočasné vysokoškolské učebnice  |v zv. 10/1966 
504 |a Bibliogr. 
650 0 7 |a strojníctvo  |2 SNKPH  |9 29325 
650 0 7 |a elektrotechnika  |2 SNKPH  |9 3619 
650 0 7 |a motory  |2 SNKPH  |9 19638 
650 0 7 |a traktory  |2 SNKPH  |9 26007 
655 7 |a učebnice vysokých škôl  |2 SNKPH  |9 70191 
830 0 |a Dočasné vysokoškolské učebnice  |9 278602 
852 |a Slovenská národná knižnica 
954 |a odborná, vedecká literatúra pôvodná (slovenská)  |2 lita 
958 |a OND 
958 |a RM 
958 |a RK 
958 |a NB 
958 |a UV 
958 |a EUIPO 
999 |c 769751  |d 771681 
952 |a SNK  |b SNK  |y PREZ  |7 0  |p 17A0819185  |o snkSB 12327  |0 0  |1 0  |4 0  |d 2012-07-26  |f 1  |l 0  |r 2025-03-06 00:00:00  |w 2026-02-24 
952 |t P60, <04>, [BOOK], {604}  |a SNK  |b SNK  |y VYP  |7 0  |p 17A0184512  |o snkSB 12327 D1  |0 0  |1 0  |4 0  |d 1999-03-10  |l 0  |r 2005-01-02 00:00:00  |w 2026-02-24